000
00296nam a22001337a 4500
008
181031b xxu||||| |||| 00| 0 eng d
020
_a
9780618830794
041
_a
eng
080
_2
10th
_a
371
100
_a
46
101
_a
EDU
245
_a
Reading for Results
_c
Flemming,L
942
_2
udc
_c
BK
999
_c
51244
_d
51244